[Event "Vienna"]
[Site "Vienna"]
[Date "1991.??.??"]
[Round "7"]
[White "Mokry, Karel"]
[Black "Fauland, Alexander"]
[Result "1-0"]
[WhiteElo "2525"]
[BlackElo "2475"]
[PlyCount "71"]
[EventDate "1991.10.??"]
[Source "ChessBase"]

1. e4 e6 2. d4 d5 3. Nc3 Bb4 4. a3 Bxc3+ 5. bxc3 dxe4 6. Qg4 Nf6 7. Qxg7 Rg8 8. Qh6 Rg6 9. Qd2 Bd7 10. c4 c5 11. d5 Ba4 12. dxe6 Nc6 13. exf7+ Kxf7 14. Ne2 Qe7 15. Qc3 Nd4 16. Nxd4 cxd4 17. Qxd4 Rd8 18. Qc3 e3 19. Qxe3 Qd6 20. Be2 Bc6 21. Qf4 Qc5 22. Be3 Qa5+ 23. Bd2 Rxd2 24. Qxd2 Qe5 25. Rd1 Bxg2 26. Rg1 Qxh2 27. Rxg2 Rxg2 28. Bf1 Rg4 29. f3 Qg3+ 30. Qf2 Qe5+ 31. Qe2 Ne4 32. Rd7+ Ke8 33. fxg4 Qg3+ 34. Kd1 Kxd7 35. Qxe4 Qxa3 36. Qd3+ 1-0

[Event "Cap d'Agde"]
[Site "Cap d'Agde"]
[Date "1994.??.??"]
[Round "3"]
[White "Hamdouchi, Hichem"]
[Black "Apicella, Manuel"]
[Result "1/2-1/2"]
[WhiteElo "2530"]
[BlackElo "2465"]
[PlyCount "219"]
[EventDate "1994.10.??"]
[Source "ChessBase"]

1. e4 e6 2. d4 d5 3. Nc3 Bb4 4. Bd3 dxe4 5. Bxe4 Nf6 6. Bd3 Nbd7 7. Nf3 O-O 8. O-O c5 9. a3 Bxc3 10. bxc3 Qc7 11. Qe2 b6 12. Ne5 Bb7 13. f4 g6 14. Bb2 Rac8 15. Rae1 Nh5 16. Nxd7 Qxd7 17. f5 exf5 18. Bxf5 gxf5 19. Qxh5 Rc6 20. Rxf5 Rg6 21. d5 c4 22. Bc1 f6 23. Ref1 Qe7 24. Qf3 Re8 25. h4 Qe2 26. h5 Qxf3 27. R1xf3 Rg4 28. Bh6 Kh8 29. Be3 Rd8 30. Bd4 Kg8 31. Re3 Bxd5 32. Bxf6 Bxg2 33. Rg5+ Rxg5 34. Bxg5 Rd5 35. Be7 Rd2 36. Rg3+ Kf7 37. Bg5 Rxc2 38. Rxg2 Rxc3 39. a4 Ra3 40. h6 Rxa4 41. Be3 Ra1+ 42. Kh2 Re1 43. Rg7+ Ke6 44. Bf2 Re5 45. Rxh7 c3 46. Rc7 c2 47. Rxc2 Kf7 48. Rc6 Kg8 49. Kg3 Kh7 50. Kf3 Rf5+ 51. Ke2 Rf7 52. Be3 Kg8 53. Kd3 Re7 54. Bg5 Rf7 55. Ke4 Kh7 56. Ke5 b5 57. Kd4 Rb7 58. Kc3 a5 59. Ra6 a4 60. Kb4 Kg8 61. Bc1 Kh7 62. Ra5 Kg6 63. Ra6+ Kh7 64. Rc6 Kg8 65. Rd6 Kh7 66. Rd5 Kg6 67. Rg5+ Kh7 68. Rh5 Kg6 69. Rd5 Kh7 70. Rd6 Kg8 71. Ra6 Kh7 72. Bd2 Kg8 73. Bc3 Kh7 74. Bg7 Kg8 75. Rg6 Kh7 76. Rg5 Rb8 77. Rg3 Rb7 78. Rg4 Rb8 79. Kc5 Rb7 80. Re4 Kg6 81. Kc6 Rb8 82. Re6+ Kh7 83. Re7 Ra8 84. Kxb5 a3 85. Re1 a2 86. Ra1 Rb8+ 87. Kc4 Ra8 88. Kb3 Rb8+ 89. Kxa2 Rb7 90. Rf1 Kg6 91. Ka3 Kh7 92. Rf4 Kg6 93. Rb4 Rc7 94. Kb3 Kh7 95. Rc4 Rd7 96. Kc3 Kg6 97. Rd4 Re7 98. Kd3 Kh7 99. Re4 Rf7 100. Kd4 Kg6 101. Kd5 Kh7 102. Kd6 Rf1 103. Re6 Rf3 104. Bd4 Rd3 105. Kc5 Rh3 106. Be3 Rh1 107. Kd5 Rh5+ 108. Ke4 Rb5 109. Re7+ Kg6 110. Rg7+ 1/2-1/2

[Event "ISL-chT 9798"]
[Site "?"]
[Date "1998.??.??"]
[Round "?"]
[White "Cicak Slavko"]
[Black "Stefansson Hannes"]
[Result "1/2-1/2"]
[WhiteElo "2440"]
[BlackElo "2555"]
[PlyCount "54"]
[EventDate "1998.??.??"]
[Source "www.chesslib.no"]
[SourceDate "2004.05.04"]

1. e4 d5 2. Nc3 e6 3. d4 Bb4 4. Bd3 dxe4 5. Bxe4 Nf6 6. Bf3 O-O 7. Nge2 Nbd7 8. a3 Be7 9. Bf4 c6 10. O-O Nd5 11. Bg3 b6 12. Nxd5 cxd5 13. c4 Nf6 14. b4 Ba6 15. c5 Ne4 16. Bxe4 dxe4 17. Re1 Bd3 18. Qd2 a5 19. Rad1 axb4 20. axb4 Qd7 21. Be5 f6 22. Bg3 e5 23. dxe5 bxc5 24. exf6 Rxf6 25. Bh4 Rf7 26. Bxe7 Qxe7 27. bxc5 Qxc5 1/2-1/2

[Event "Cappelle op"]
[Site "Cappelle la Grande"]
[Date "1997.??.??"]
[Round "2"]
[White "Kuzmin, Gennadi P"]
[Black "Matlak, Marek"]
[Result "1-0"]
[WhiteElo "2535"]
[BlackElo "2455"]
[PlyCount "115"]
[EventDate "1997.02.15"]
[Source "ChessBase"]

1. e4 e6 2. d4 d5 3. Nc3 Bb4 4. Bd3 dxe4 5. Bxe4 Nf6 6. Bg5 c5 7. dxc5 Qxd1+ 8. Rxd1 Nbd7 9. Bf3 Bxc3+ 10. bxc3 Nxc5 11. Ne2 Bd7 12. O-O Rc8 13. Rfe1 Nce4 14. Bxf6 Nxf6 15. Bxb7 Rc7 16. Rb1 O-O 17. Rb2 Bc6 18. Reb1 Ne4 19. Ba6 Bd5 20. c4 Bxc4 21. Bxc4 Rxc4 22. Rb4 Rxb4 23. Rxb4 Rd8 24. Rd4 Rxd4 25. Nxd4 Kf8 26. Kf1 Ke8 27. Nb5 a5 28. f3 Nc5 29. Nd6+ Ke7 30. Nc4 Nb7 31. Ke2 f6 32. Kd3 Kd7 33. Kd4 Kc6 34. f4 h5 35. a4 Kd7 36. Nd2 Kd6 37. Ne4+ Kc6 38. Ng3 h4 39. Nh5 Nc5 40. Nxg7 e5+ 41. fxe5 fxe5+ 42. Kxe5 Nxa4 43. Kd4 Nb2 44. Nf5 a4 45. Kc3 Nd1+ 46. Kb4 Kd5 47. Kxa4 Kc4 48. h3 Kc3 49. Nxh4 Kxc2 50. g4 Kd3 51. g5 Ke4 52. g6 Nc3+ 53. Kb4 Nd5+ 54. Kc5 Nf4 55. Kd6 Nh5 56. Ke6 Kf4 57. Ng2+ Kg3 58. Kf5 1-0

[Event "Paris FRA"]
[Site "?"]
[Date "2005.07.10"]
[Round "2"]
[White "Philippe Christophe"]
[Black "David Alberto"]
[Result "0-1"]
[WhiteElo "2411"]
[BlackElo "2579"]
[PlyCount "86"]
[EventDate "2005.??.??"]
[Source "www.chesslib.no"]
[SourceDate "2004.05.04"]

1. d4 d5 2. e4 e6 3. Nc3 Bb4 4. Nge2 Nc6 5. a3 Ba5 6. Qd3 dxe4 7. Qxe4 Nf6 8. Qh4 Bxc3+ 9. bxc3 Ne7 10. Ng3 Ng6 11. Qg5 O-O 12. Be2 h6 13. Qd2 b6 14. h4 Bb7 15. h5 Ne7 16. Bb2 c5 17. O-O Rc8 18. Rfd1 cxd4 19. cxd4 Bd5 20. a4 Bc4 21. Bf3 Bd5 22. Be2 Bc4 23. Bf3 Qc7 24. Ba3 Rfe8 25. a5 Bd5 26. axb6 axb6 27. Bxe7 Rxe7 28. Bxd5 exd5 29. Rab1 Re6 30. Rb2 Rc6 31. Rc1 Rc3 32. Qe2 Re8 33. Qd2 Rc8 34. Qe2 Qf4 35. Rd1 Re8 36. Qd2 Qxd2 37. Rxd2 Re1+ 38. Kh2 Rxg3 39. Kxg3 Ne4+ 40. Kh2 Nxd2 41. Rxb6 Re4 42. Rb8+ Kh7 43. c3 Rh4+ 0-1

[Event "Vrsac"]
[Site "Vrsac"]
[Date "1981.??.??"]
[Round "4"]
[White "Kurajica, Bojan"]
[Black "Campora, Daniel Hugo"]
[Result "1-0"]
[WhiteElo "2500"]
[BlackElo "2490"]
[PlyCount "81"]
[EventDate "1981.09.??"]
[Source "ChessBase"]

1. e4 e6 2. d4 d5 3. Nc3 Bb4 4. Bd3 dxe4 5. Bxe4 Nf6 6. Bd3 c5 7. dxc5 O-O 8. Bg5 Nbd7 9. Qf3 Bxc3+ 10. bxc3 Qa5 11. Ne2 Qxc5 12. Qg3 Re8 13. Be3 Qa5 14. O-O e5 15. Rfb1 Nf8 16. Bg5 N6d7 17. h4 Kh8 18. Qf3 f6 19. Be3 Qc7 20. h5 Nc5 21. Bxc5 Qxc5 22. h6 Qe7 23. hxg7+ Qxg7 24. Ng3 Qf7 25. Ne4 Re7 26. Qxf6+ Qxf6 27. Nxf6 Be6 28. Re1 Nd7 29. Nxd7 Bxd7 30. Be4 Bb5 31. a4 Be8 32. Bd5 Bg6 33. Rab1 Bxc2 34. Rxb7 Rxb7 35. Bxb7 Rb8 36. Be4 Bxa4 37. Ra1 Bb3 38. Rxa7 Bg8 39. Rc7 Rb2 40. Rc5 Rb3 41. Rc8 1-0

[Event "Marcussi Memorial"]
[Site "?"]
[Date "1996.??.??"]
[Round "?"]
[White "Patrici Norberto Eugenio"]
[Black "Crespo Ramon Jose"]
[Result "1/2-1/2"]
[WhiteElo "2510"]
[BlackElo "2480"]
[PlyCount "51"]
[EventDate "1996.??.??"]
[Source "www.chesslib.no"]
[SourceDate "2004.05.04"]

1. e4 e6 2. d4 d5 3. Nc3 Bb4 4. a3 Bxc3+ 5. bxc3 dxe4 6. Qg4 Nf6 7. Qxg7 Rg8 8. Qh6 Rg6 9. Qd2 b6 10. Ne2 Nbd7 11. Nf4 Rg8 12. Bb5 Bb7 13. O-O a6 14. Be2 Qe7 15. a4 O-O-O 16. Ba3 c5 17. g3 Qd6 18. Ng2 Ne5 19. Qf4 Nf3+ 20. Bxf3 exf3 21. Qxf6 fxg2 22. Rfb1 Rg6 23. Qxf7 Rd7 24. Qe8+ Rd8 25. Qf7 Rd7 26. Qe8+ 1/2-1/2

[Event "Dos Hermanas op"]
[Site "Dos Hermanas"]
[Date "2000.04.10"]
[Round "4"]
[White "Miladinovic, Igor"]
[Black "Braga, Fernando"]
[Result "1-0"]
[WhiteElo "2538"]
[BlackElo "2449"]
[PlyCount "57"]
[EventDate "2000.04.??"]
[Source "ChessBase"]
[SourceDate "2000.05.11"]

1. d4 e6 2. e4 d5 3. Nc3 Bb4 4. Qg4 Nf6 5. Qxg7 Rg8 6. Qh6 Rg6 7. Qe3 dxe4 8. Bd2 Nc6 9. Nge2 Qe7 10. a3 Bxc3 11. Nxc3 e5 12. dxe5 Qxe5 13. Qf4 Bg4 14. h3 Qxf4 15. Bxf4 Nd4 16. Rc1 Bd7 17. Bxc7 Bc6 18. Be5 O-O-O 19. Nd1 Ne6 20. Ne3 Nd5 21. Nf5 f6 22. c4 Ng7 23. Nxg7 Ne7 24. Ne6 fxe5 25. Nxd8 Kxd8 26. b4 Nf5 27. b5 Bd7 28. g3 b6 29. Bg2 1-0

[Event "Gothenburg"]
[Site "?"]
[Date "1996.??.??"]
[Round "3"]
[White "Hector Jonny"]
[Black "Gdanski Jacek"]
[Result "1/2-1/2"]
[WhiteElo "2500"]
[BlackElo "2485"]
[PlyCount "76"]
[EventDate "1996.??.??"]
[Source "www.chesslib.no"]
[SourceDate "2004.05.04"]

1. e4 e6 2. d4 d5 3. Nc3 Bb4 4. Qd3 dxe4 5. Qxe4 Nf6 6. Qh4 Nd5 7. Qxd8+ Kxd8 8. Nge2 Nc6 9. Bd2 Nxc3 10. Nxc3 Nxd4 11. O-O-O e5 12. Nb5 Bxd2+ 13. Rxd2 c6 14. Nxd4 exd4 15. Rxd4+ Ke7 16. Bc4 Be6 17. Bxe6 fxe6 18. Rhd1 Rad8 19. Rxd8 Rxd8 20. Rxd8 Kxd8 21. Kd2 Ke7 22. Kd3 e5 23. Ke4 Ke6 24. c4 g5 25. h3 a5 26. c5 Kf6 27. b3 Ke6 28. g4 Kf6 29. Kd3 Ke7 30. Kc3 Kd7 31. b4 Ke6 32. bxa5 Kd5 33. Kb4 Ke4 34. Kc4 h6 35. a3 Kf3 36. Kd3 Kf4 37. Kc3 Ke4 38. Kc4 Kf3 1/2-1/2

[Event "Elista ol (Men)"]
[Site "Elista"]
[Date "1998.09.30"]
[Round "2"]
[White "Gadjily, Raouf"]
[Black "Shulman, Yuri"]
[Result "1/2-1/2"]
[WhiteElo "2465"]
[BlackElo "2520"]
[PlyCount "86"]
[EventDate "1998.09.29"]
[Source "ChessBase"]
[SourceDate "1998.11.06"]

1. e4 e6 2. d4 d5 3. Nc3 Bb4 4. Bd3 Ne7 5. Nge2 Nbc6 6. O-O O-O 7. a3 Bxc3 8. bxc3 e5 9. exd5 Nxd5 10. c4 Nf6 11. d5 Na5 12. Ng3 b6 13. f4 e4 14. Nxe4 Nxc4 15. Qf3 Bf5 16. Rb1 Re8 17. Nxf6+ Qxf6 18. Rb4 Nd6 19. Bb2 Qg6 20. Be5 Rad8 21. Ra4 a5 22. Bxd6 Rxd6 23. Rc4 Re7 24. Rd1 h6 25. Bxf5 Qxf5 26. Qd3 Qh5 27. Qf3 Qxf3 28. gxf3 Red7 29. Rcd4 c5 30. R4d3 Rf6 31. c4 Rxf4 32. Rc3 Kf8 33. Kf2 Ke8 34. Re1+ Re7 35. Rb1 Rb7 36. a4 Kd7 37. Rg1 g6 38. Rg4 Rxg4 39. fxg4 Kd6 40. Rf3 Ke5 41. Ke3 Re7 42. Kd3 Rd7 43. h4 f5 1/2-1/2

[Event "Geneve Open"]
[Site "Geneva SUI"]
[Date "1994.??.??"]
[Round "6"]
[White "Zelcic, Robert"]
[Black "Legky, Nikolay A"]
[Result "1/2-1/2"]
[WhiteElo "2460"]
[BlackElo "2525"]
[PlyCount "87"]
[EventDate "1994.01.??"]
[Source "www.chesslib.no"]
[SourceDate "2004.05.04"]

1. e4 e6 2. d4 d5 3. Nc3 Bb4 4. Qd3 Ne7 5. Bd2 O-O 6. Nf3 b6 7. Be2 c5 8. exd5 exd5 9. Bg5 f6 10. Bf4 Ng6 11. Be3 f5 12. Bg5 Qd7 13. O-O c4 14. Qd1 Nc6 15. h4 f4 16. h5 Bxc3 17. bxc3 Nge7 18. Re1 h6 19. Bxe7 Nxe7 20. Ne5 Qd6 21. Bf3 Bf5 22. a4 Nc6 23. Qd2 Rae8 24. Qe2 Re6 25. Qd2 Nxe5 26. dxe5 Rxe5 27. Rxe5 Qxe5 28. Qxd5+ Qxd5 29. Bxd5+ Kh8 30. Bxc4 Rc8 31. Bb3 Rxc3 32. Re1 Rc8 33. Re2 Bg4 34. Re7 Bxh5 35. Rxa7 Bg6 36. Rb7 Bxc2 37. Rxb6 Bxb3 38. Rxb3 Rc1+ 39. Kh2 Ra1 40. Rb4 g5 41. Kh3 h5 42. Kh2 Kg7 43. f3 Kg6 44. Rb6+ 1/2-1/2

[Event "Cannes FRA, Open 2005"]
[Site "?"]
[Date "2005.02.24"]
[Round "7.9"]
[White "Miladinovic Igor"]
[Black "Contin Daniel"]
[Result "1-0"]
[WhiteElo "2611"]
[BlackElo "2371"]
[PlyCount "85"]
[EventDate "2005.??.??"]
[Source "www.chesslib.no"]
[SourceDate "2004.05.04"]

1. d4 e6 2. e4 d5 3. Nc3 Bb4 4. a3 Bxc3+ 5. bxc3 dxe4 6. Qg4 Nf6 7. Qxg7 Rg8 8. Qh6 Nbd7 9. a4 c5 10. a5 Qc7 11. Qd2 Rb8 12. Ne2 b6 13. Qf4 Qc6 14. axb6 Rxb6 15. dxc5 e5 16. Qd2 Nxc5 17. Ba3 Ng4 18. Rd1 Nb7 19. c4 Qa4 20. Qc3 Ra6 21. Bb2 f6 22. h3 Nh6 23. Ng3 Nc5 24. Be2 Qa5 25. Qxa5 Rxa5 26. Bc3 Ra4 27. Rd5 Ne6 28. Nxe4 Ke7 29. Ra5 Rxa5 30. Bxa5 Nd4 31. Bb4+ Ke6 32. Nc5+ Kf7 33. Bh5+ Kg7 34. c3 Ne6 35. O-O Kh8 36. Nxe6 Bxe6 37. Be7 Kg7 38. Ra1 Ra8 39. Bf3 Rc8 40. Ra6 Kf7 41. Rxa7 Rxc4 42. Bh5+ Kg7 43. Ra6 1-0

[Event "Tallinn"]
[Site "Tallinn"]
[Date "1985.??.??"]
[Round "?"]
[White "Kuzmin, Gennadi P"]
[Black "Drasko, Milan"]
[Result "1-0"]
[WhiteElo "2520"]
[BlackElo "2460"]
[PlyCount "93"]
[EventDate "1985.02.??"]
[Source "ChessBase"]

1. e4 e6 2. d4 d5 3. Nc3 Bb4 4. Qd3 dxe4 5. Qxe4 Nf6 6. Qh4 c5 7. dxc5 Nc6 8. Bd2 Bxc5 9. Nf3 O-O 10. O-O-O Nd5 11. Bg5 Qa5 12. Rxd5 exd5 13. Bd3 f5 14. Nxd5 b5 15. a3 a6 16. Re1 Bd7 17. Bd2 Qd8 18. Qg3 Qb8 19. Bf4 Qa7 20. Bh6 g6 21. Bxf8 Rxf8 22. Re2 Bc8 23. b4 Qd7 24. c4 Bd6 25. Qh4 Qg7 26. Kb1 bxc4 27. Qxc4 Na7 28. Nf6+ Kh8 29. Ne8 Nb5 30. Qxb5 axb5 31. Nxg7 Kxg7 32. Bxb5 Bb7 33. Nd4 Ra8 34. Re6 Be4+ 35. Kb2 Bxh2 36. Bc6 Bxc6 37. Nxc6 h5 38. Kb3 h4 39. a4 g5 40. Nd4 Rf8 41. Nf3 Bf4 42. a5 Rd8 43. a6 h3 44. gxh3 Rd3+ 45. Ka4 Bc1 46. Kb5 Ra3 47. Nd4 1-0

[Event "URS Cup"]
[Site "Soviet Union"]
[Date "1984.??.??"]
[Round "?"]
[White "Kuzmin, Gennadi P"]
[Black "Chernin, Alexander M"]
[Result "1-0"]
[WhiteElo "2505"]
[BlackElo "2475"]
[PlyCount "90"]
[EventDate "1984.??.??"]
[Source "www.chesslib.no"]
[SourceDate "2004.05.04"]

1. e4 e6 2. d4 d5 3. Nc3 Bb4 4. a3 Bxc3+ 5. bxc3 Ne7 6. Bd3 c5 7. exd5 exd5 8. dxc5 Qa5 9. Ne2 O-O 10. O-O Nd7 11. Bg5 Ng6 12. Bxg6 hxg6 13. Qxd5 Qxc5 14. c4 Re8 15. Be3 Qxd5 16. cxd5 Nf6 17. c4 b5 18. cxb5 Nxd5 19. Nd4 a6 20. Rfe1 axb5 21. Nxb5 Bd7 22. Nd6 Nxe3 23. Rxe3 Reb8 24. h3 Be6 25. Ne4 Ra5 26. Rc1 Rba8 27. Rcc3 Bd5 28. Nc5 Rc8 29. Nd7 Rd8 30. Rc7 Rb5 31. Kh2 Rb7 32. Rxb7 Bxb7 33. Rd3 Rc8 34. Ne5 Re8 35. Re3 Rd8 36. Rb3 Be4 37. Rb4 Ba8 38. a4 g5 39. a5 f6 40. Nc4 Kh7 41. a6 Rd4 42. a7 Bc6 43. f3 f5 44. Ra4 Bxa4 45. a8=Q Rxc4 1-0

[Event "Eikrem mem"]
[Site "Gausdal"]
[Date "1996.??.??"]
[Round "9"]
[White "Tisdall, Jonathan D"]
[Black "Ostenstad, Berge"]
[Result "1/2-1/2"]
[WhiteElo "2515"]
[BlackElo "2465"]
[PlyCount "74"]
[EventDate "1996.08.??"]
[Source "ChessBase"]

1. e4 e6 2. d4 d5 3. Nc3 Bb4 4. a3 Bxc3+ 5. bxc3 Ne7 6. exd5 exd5 7. Nf3 O-O 8. Be2 Bg4 9. a4 Nbc6 10. O-O Re8 11. h3 Bxf3 12. Bxf3 Na5 13. Bf4 Ng6 14. Bg3 c6 15. Be2 Qg5 16. Bd3 Nf4 17. h4 Qh6 18. Qg4 Nxd3 19. cxd3 Qe6 20. Qxe6 Rxe6 21. Rfe1 Ree8 22. Re3 Rxe3 23. fxe3 b6 24. Rb1 Rc8 25. Kf2 f6 26. Ke2 Kf7 27. Be1 c5 28. Rb5 Nb7 29. dxc5 Rxc5 30. Rb4 h5 31. Kd2 Ra5 32. d4 Nd6 33. Kd3 Ke6 34. Bg3 Nf5 35. Bf2 Nd6 36. Bg3 Nf5 37. Bf2 Nd6 1/2-1/2

[Event "Corfu Open"]
[Site "Corfu GRE"]
[Date "1991.??.??"]
[Round "6"]
[White "Djuric, Stefan"]
[Black "Akesson, Ralf"]
[Result "1/2-1/2"]
[WhiteElo "2540"]
[BlackElo "2440"]
[PlyCount "156"]
[EventDate "1991.08.??"]
[Source "www.chesslib.no"]
[SourceDate "2004.05.04"]

1. e4 e6 2. d4 d5 3. Nc3 Bb4 4. Bd3 dxe4 5. Bxe4 Nf6 6. Bd3 O-O 7. Nf3 b6 8. O-O Bb7 9. a3 Bxc3 10. bxc3 Nbd7 11. Re1 c5 12. a4 Qc7 13. a5 bxa5 14. Ne5 Nxe5 15. dxe5 Qc6 16. Bf1 Rfd8 17. Qe2 Nd5 18. Bg5 Rd7 19. c4 Ne7 20. Bxe7 Rxe7 21. Rxa5 Rd7 22. Qe3 Rd4 23. f3 g6 24. Qa3 Rc8 25. Rxa7 Ra8 26. Rb1 Rxa7 27. Qxa7 Rd7 28. Rb5 Rc7 29. Rb6 Qd7 30. Rd6 Qe7 31. Qa5 Kg7 32. Qd2 Bc6 33. Qf4 h6 34. Bd3 Bb7 35. h4 Rc8 36. Qg3 Rd8 37. h5 g5 38. Kh2 Rd7 39. c3 Qd8 40. Bc2 Qe7 41. Ba4 Rd8 42. Bb5 Kf8 43. Bc6 Ba6 44. Bb5 Bc8 45. Bc6 f5 46. Rxd8+ Qxd8 47. Qf2 Qb6 48. Bb5 Qc7 49. f4 Bb7 50. g4 Kg8 51. Qd2 fxg4 52. Bd7 g3+ 53. Kxg3 gxf4+ 54. Kxf4 Kh8 55. Kg4 Kg7 56. Bxe6 Qe7 57. Qd7 Qxd7 58. Bxd7 Be4 59. Bf5 Bc6 60. Bg6 Bd7+ 61. Kf4 Be6 62. Be8 Kf8 63. Bb5 Ke7 64. Ke4 Bg8 65. Kf5 Bh7+ 66. Kf4 Bg8 67. Ke4 Be6 68. Ba6 Bf7 69. Bc8 Bxc4 70. Bg4 Bb3 71. Kd3 Ba2 72. c4 Bb1+ 73. Ke3 Bc2 74. Bf3 Bb3 75. Be2 Bc2 76. Kf4 Bb1 77. Ke3 Ke6 78. Kf4 Ke7 1/2-1/2

[Event "Bank Zachodni Open"]
[Site "?"]
[Date "1999.07.03"]
[Round "6"]
[White "Sulskis Sarunas"]
[Black "Kosyrev Vladimir"]
[Result "0-1"]
[WhiteElo "2568"]
[BlackElo "2402"]
[PlyCount "106"]
[EventDate "1999.??.??"]
[Source "www.chesslib.no"]
[SourceDate "2004.05.04"]

1. e4 e6 2. d4 d5 3. Nc3 Bb4 4. a3 Bxc3+ 5. bxc3 dxe4 6. Qg4 Nf6 7. Qxg7 Rg8 8. Qh6 c5 9. Ne2 Nbd7 10. h3 Qa5 11. dxc5 Qxc5 12. a4 b6 13. Ba3 Qc7 14. O-O-O Bb7 15. Nd4 a6 16. Nxe6 fxe6 17. Rxd7 Kxd7 18. Qxf6 Rad8 19. a5 bxa5 20. Be2 Rg6 21. Rd1+ Kc8 22. Rxd8+ Qxd8 23. Qf7 Rxg2 24. Qxe6+ Kb8 25. Bxa6 Rg1+ 26. Kb2 Rg6 27. Qe5+ Qc7 28. Qh8+ Ka7 29. Bb5 Rg5 30. c4 Qe5+ 31. Qxe5 Rxe5 32. Bd6 Rh5 33. Bd7 Rh6 34. c5 Bd5 35. Bc7 Bc6 36. Bxc6 Rxc6 37. Bxa5 Rxc5 38. Bd2 Ka6 39. h4 Kb5 40. Kc1 Rh5 41. Bg5 h6 42. Be7 Rf5 43. Kd2 Rxf2+ 44. Ke3 Rxc2 45. Bf8 Rc4 46. Bxh6 Kc5 47. Bg7 Kd5 48. h5 Rc1 49. h6 Re1+ 50. Kf4 Rh1 51. Ke3 Rh3+ 52. Ke2 Ke6 53. Bf8 Kf5 0-1